Derecho penal. Parte general

Salvato in:
Dettagli Bibliografici
Autore principale: Welzel, Hans (autor)
Altri autori: Bustos Ramírez, Juan (traducción del alemán), Yáñez Pérez, Sergio (traducción del alemán)
Natura: Libro
Lingua:spagnolo
Pubblicazione: Buenos Aires, Argentina. Roque Depalma Editor, 1956
Soggetti:
Tags: Aggiungi Tag
Nessun Tag, puoi essere il primo ad aggiungerne!!

MARC

LEADER 00000nam a2200000 a 4500
001 UCU1706
003 CL-VaPUC
005 20220308103409.0
008 960412e19560000CL |||||||||||||||||spa|d
999 |c 434024  |d 434022 
040 |c Pontificia Universidad Católica de Valparaíso 
082 0 4 |a 345.43 WEL 1956 
100 |a Welzel, Hans  |e autor  |9 357390 
245 1 0 |a Derecho penal.  |b Parte general 
260 |a Buenos Aires, Argentina.   |b Roque Depalma Editor,   |c 1956 
300 |a 271 páginas  
583 |a last modification  |c 20180927 01:00:10  |k Cristina María Rojas Aguilar 
650 0 |a Derecho penal  |2 CL-VaPUC  |9 11  |z Alemania 
650 0 |a Delitos  |9 224143 
650 0 |a Derecho procesal penal   |9 256392  |z Alemania 
650 0 |a Procedimiento penal  |9 254974  |z Alemania 
700 |a Bustos Ramírez, Juan   |e traducción del alemán   |9 864225 
700 |a Yáñez Pérez, Sergio  |e traducción del alemán   |9 864225 
942 |c BK  |2 ddc 
952 |0 0  |1 0  |2 ddc  |4 0  |6 345_430000000000000_WEL_1956  |7 0  |8 A  |9 579206  |a BIBDER  |b BIBDER  |d 2021-11-09  |i 1834096  |o 345.43 WEL 1956  |p 1834096  |r 2023-01-25  |w 2021-11-09  |y BK  |k DER